000 00768nam a2200253Ia 4500
003 OSt
005 20220927111040.0
006 a|||||r|||| 00| 0
007 ta
008 220926b |||||||| |||| 00| 0 eng d
024 _a95032
037 _cReports
040 _aRTL
_cRTL
_beng
041 _2eng
_aeng
082 _a"X9(F551).2.N7, L2/GD"
110 _a"India, Government Of ...planning Commission"
_9353515
245 0 _aTask force on coal and lignite
_b Report
260 _aDelhi
_bManager Of Publciation India
_c1972
300 _a49p.
_ccm.
650 _aCoal Industry
700 _a"India, Government Of ...planning Commission"
_9353517
942 _h"X9(F551).2.N7, L2/GD"
_cCC
999 _c698508
_d698508